LEADER 00809nam0-2200277 --450 001 9910507905603321 005 20211123171417.0 100 $a20211123d1956----kmuy0itay5050 ba 101 $alat 102 $aDE 105 $a 001yy 200 1 $aPompei Trogi Fragmenta$fcollegit Otto Seel 210 $aLipsiae$cin aedibus B.G. Teubneri$d1956 215 $aXXIII, 208 p.$d21 cm. 225 1 $aBibliotheca scriptorum Graecorum et Romanorum Teubneriana 517 1 $aFragmenta 676 $a878.01$v19 700 1$aTrogus,$bPompeius$0186595 702 1$aSeel,$bOtto 801 0$aIT$bUNINA$gREICAT$2UNIMARC 901 $aBK 912 $a9910507905603321 952 $aP2B 640 TEUB POMPEIUS TR. 200A 1956$b29103$fFLFBC 959 $aFLFBC 996 $aPompei Trogi Fragmenta$92430182 997 $aUNINA LEADER 03075oas 22012613a 450 001 9910894500503321 005 20260218111400.0 035 $a(DE-599)ZDB2900321-0 035 $a(OCoLC)49909029 035 $a(CONSER) 2002214250 035 $a(CKB)3710000000586862 035 $a(DE-599)2900321-0 035 $a(DE-599)2089789-3 035 $a(EXLCZ)993710000000586862 100 $a20020603b19982010 sy a 101 0 $aeng 135 $aurcnu|||||||| 181 $ctxt$2rdacontent 182 $cc$2rdamedia 183 $acr$2rdacarrier 200 10$aJALA 210 $aCharlottesville, Va. $cAssociation for Laboratory Automation 311 08$a1535-5535 517 1 $aJournal of the Association for Laboratory Automation 531 0 $aJALA 606 $aMedical laboratory technology$vPeriodicals 606 $aLaboratories$xEquipment and supplies$vPeriodicals 606 $aTechnology 606 $aMedicine 606 $aAutomation 606 $aMe?decine$xLaboratoires$xTechnique$vPe?riodiques 606 $aAutomatisation 606 $aautomation$2aat 606 $aLaboratories$xEquipment and supplies$2fast$3(OCoLC)fst00990356 606 $aMedical laboratory technology$2fast$3(OCoLC)fst01014300 608 $aPeriodical. 608 $aperiodicals.$2aat 608 $aPeriodicals.$2fast 608 $aPeriodicals.$2lcgft 608 $aPe?riodiques.$2rvmgf 615 0$aMedical laboratory technology 615 0$aLaboratories$xEquipment and supplies 615 2$aTechnology. 615 2$aMedicine. 615 2$aAutomation. 615 6$aMe?decine$xLaboratoires$xTechnique 615 6$aAutomatisation. 615 7$aautomation. 615 7$aLaboratories$xEquipment and supplies. 615 7$aMedical laboratory technology. 676 $a317 712 02$aAssociation for Laboratory Automation 801 0$bNSD 801 1$bNSD 801 2$bOCLCQ 801 2$bDLC 801 2$bOCLCQ 801 2$bCGU 801 2$bKSU 801 2$bOCLCQ 801 2$bOCLCS 801 2$bHEBIS 801 2$bDEBBG 801 2$bAGL 801 2$bHNK 801 2$bOCLCQ 801 2$bAGL 801 2$bOCLCF 801 2$bOCLCO 801 2$bVT2 801 2$bOCLCQ 801 2$bOCLCO 801 2$bOCLCQ 801 2$bOCLCO 801 2$bOCLCQ 801 2$bDLC 801 2$bCOO 801 2$bOCLCO 801 2$bOCLCA 801 2$bU3W 801 2$bOCLCO 801 2$bOCLCA 801 2$bREB 801 2$bOCLCO 801 2$bEZC 801 2$bUKMGB 801 2$bWYU 801 2$bOCLCO 801 2$bAU@ 801 2$bOCLCO 801 2$bOCLCA 801 2$bNJT 801 2$bSFB 801 2$bOCLCQ 801 2$bOCLCO 801 2$bCASUM 801 2$bOCLCQ 801 2$bAUD 801 2$bOCLCL 801 2$bCNMTR 801 2$bLGG 801 2$bLVT 801 2$bLIP 801 2$bOCLCQ 906 $aJOURNAL 912 $a9910894500503321 996 $aJALA$94231736 997 $aUNINA